Phosphate solubilization by Bacillus circulans a leap towards phosphatic fertiliser management in rubber plantations (Record no. 52554)

MARC details
000 -LEADER
fixed length control field 00590nam a2200157Ia 4500
100 ## - MAIN ENTRY--AUTHOR NAME
Personal name Joseph K.[a]
245 #0 - TITLE STATEMENT
Title Phosphate solubilization by Bacillus circulans a leap towards phosphatic fertiliser management in rubber plantations
260 ## - PUBLICATION, DISTRIBUTION, ETC. (IMPRINT)
Name of publisher National Seminar on Organic Farming and Sustainable Agriculture, 9-11 October 1996, Bangalore, India, pp. 69.
Year of publication 1996
650 ## - SUBJECT ADDED ENTRY--TOPICAL TERM
Topical Term Bacillus circulans
650 ## - SUBJECT ADDED ENTRY--TOPICAL TERM
Topical Term Phosphate solubilization
650 ## - SUBJECT ADDED ENTRY--TOPICAL TERM
Topical Term Rubber plantation
700 ## - ADDED ENTRY--PERSONAL NAME
Personal name Kothandaraman R.
700 ## - ADDED ENTRY--PERSONAL NAME
Personal name Mathew J.
942 ## - ADDED ENTRY ELEMENTS (KOHA)
Koha item type Bibliography STAF
Holdings
Withdrawn status Lost status Damaged status Not for loan Home library Current library Date acquired Koha item type
      Bibliography RRII Library RRII Library 09/04/2014 Bibliography STAF